000 00491nam a2200169Ia 4500
008 090201s9999 xx 000 0 und d
010 _aKPL-64658
040 _bमराठी
041 _aमराठी
082 _a33227
_b64658
100 _aविजय देवधर
245 _aफ्रॉड
_cविजय देवधर
260 _c2004
_bमंगलदीप प्रकाशन
300 _a236
_bमोठा
600 _aफ्रॉड
942 _cBOOK
999 _c231495
_d231495